| 000 | 01112nam a22002657a 4500 | ||
|---|---|---|---|
| 999 |
_c65507 _d65507 |
||
| 005 | 20240530110828.0 | ||
| 008 | 161122s2009 ua g 000 e a d | ||
| 017 |
_a2008/21250 _bمصر. دار الكتب |
||
| 020 | _a9773764222 | ||
| 040 |
_aEG-CaGPL _cEG-CaGPL |
||
| 082 | 0 | 4 |
_221 _a808.882\ _bأ ث |
| 100 | 0 | _aاحمد سلامة ابراهيم | |
| 245 | 1 | 0 |
_a3000 نصيحة وحكمة ومثال عبر العصور والاجيال : _bمن الحضارات الفرعونية، الصينية، الهندية، اليونانية، الفارسية، العربية، الاوروبية والافريقية وكلمات الحكماء والفلاسفة والمبدعين / _cاحمد سلامة ابراهيم |
| 250 | _aط.1 | ||
| 260 |
_aالقاهرة : _bدار الكتاب العربى، _c2009 . |
||
| 300 |
_a431 ص. ، _c24 سم . |
||
| 650 | 0 | 7 |
_2qrmak _aالاخلاق |
| 650 | 0 | 7 |
_2qrmak _aالاخلاص |
| 650 | 0 | 7 |
_2qrmak _aالاداب |
| 650 | 0 | 7 |
_2qrmak _aالامانة |
| 650 | 0 | 7 |
_2qrmak _aالعدل |
| 651 | _2qrmak | ||
| 942 |
_2ddc _cBK |
||